| 000 | 01371nam a22003494a 4500 | ||
|---|---|---|---|
| 001 | ebr10114007 | ||
| 003 | CaPaEBR | ||
| 006 | m u | ||
| 007 | cr cn||||||||| | ||
| 008 | 030204s2004 njua sb 001 0 eng | ||
| 010 | _z 2003002429 | ||
| 020 | _z0471202428 (alk. paper) | ||
| 040 |
_aCaPaEBR _cCaPaEBR |
||
| 035 | _a(OCoLC)54936173 | ||
| 050 | 1 | 4 |
_aQD79.I5 _bC44 2004eb |
| 082 | 0 | 4 |
_a543/.07/0285 _221 |
| 245 | 0 | 0 |
_aChemometrics _h[electronic resource] : _bfrom basics to wavelet transform / _cFoo-tim Chau ... [et al.]. |
| 260 |
_aHoboken, N.J. : _bJ. Wiley, _cc2004. |
||
| 300 |
_axiv, 316 p. : _bill. |
||
| 490 | 1 |
_aChemical analysis ; _vv. 164 |
|
| 500 | _a"Wiley-Interscience publication." | ||
| 504 | _aIncludes bibliographical references and index. | ||
| 533 |
_aElectronic reproduction. _bPalo Alto, Calif. : _cebrary, _d2013. _nAvailable via World Wide Web. _nAccess may be limited to ebrary affiliated libraries. |
||
| 650 | 0 |
_aInstrumental analysis _xData processing. |
|
| 650 | 0 |
_aInstrumental analysis _xAutomation. |
|
| 650 | 0 | _aWavelets (Mathematics) | |
| 655 | 7 |
_aElectronic books. _2local |
|
| 700 | 1 | _aChau, Foo-tim. | |
| 710 | 2 | _aebrary, Inc. | |
| 830 | 0 |
_aChemical analysis ; _vv. 164. |
|
| 856 | 4 | 0 |
_uhttp://site.ebrary.com/lib/rucke/Doc?id=10114007 _zAn electronic book accessible through the World Wide Web; click to view |
| 999 |
_c209720 _d209720 |
||